| 000 | 00611cam a22002171 4500 | ||
|---|---|---|---|
| 001 | sa 68003372 | ||
| 003 | DLC | ||
| 005 | 20260227112452.0 | ||
| 008 | 711202s1968 xx 000 0 eng | ||
| 010 | _asa 68003372 | ||
| 035 | _a(OCoLC)177409 | ||
| 040 |
_aDLC _cOAU _dDLC |
||
| 042 | _apremarc | ||
| 050 | 0 | 0 |
_aDS485.B47 _bR6 |
| 100 | 1 | _aRoy, Atul Chandra. | |
| 245 | 1 | 0 |
_aHistory of Bengal; _bMughal period, 1526-1765 A.D. |
| 260 |
_aCalcutta, _bNababharat Publishers _c[1968] |
||
| 300 |
_axi, 525 p. _bfold. map. _c22 cm. |
||
| 504 | _aBibliography: p. [521]-522. | ||
| 651 | 0 |
_aBengal (India) _xHistory. |
|
| 999 |
_c79429 _d79429 |
||